[Event "AUT-ch Vor4 Internet"]
[Site "Playchess.com INT"]
[Date "2020.04.25"]
[Round "9"]
[White "Ostermann, Anton"]
[Black "Soelkner, Julian"]
[Result "1-0"]
[WhiteElo "1847"]
[BlackElo "1484"]
[PlyCount "87"]
[EventDate "2020.04.25"]
[EventType "swiss (blitz)"]
[EventRounds "9"]
[EventCountry "AUT"]
[SourceTitle "EXT 2021"]
[Source "ChessBase"]
[SourceDate "2020.10.23"]
[SourceVersion "1"]
[SourceVersionDate "2020.10.23"]
[SourceQuality "1"]

1. Nf3 Nf6 2. c4 c5 3. Nc3 Nc6 4. e3 e6 5. Be2 d5 6. cxd5 exd5 7. d4 c4 8. 0-0 Bd6 9. b3 cxb3 10. axb3 0-0 11. Ba3 Bg4 12. h3 Bh5 13. Bxd6 Qxd6 14. Nh2 a6 15. Bxh5 Nxh5 16. Qxh5 g6 17. Qf3 f5 18. Qxd5+ Qxd5 19. Nxd5 b5 20. Nc7 Ra7 21. Ne6 Re8 22. Nc5 Nb4 23. Nf3 Rc8 24. Rfc1 Rac7 25. Rd1 Rc6 26. Ne5 Rd6 27. Ned3 Nd5 28. Rxa6 Rxa6 29. Nxa6 Nc3 30. Re1 Ra8 31. Nac5 Ra2 32. b4 Ne2+ 33. Kh2 Nc3 34. f3 Nd5 35. e4 fxe4 36. fxe4 Nf6 37. e5 Nd5 38. e6 Ra7 39. Re5 Ne7 40. Nf4 Nf5 41. d5 Re7 42. Rxf5 gxf5 43. d6 Re8 44. d7 1-0

[Event "AUT-ch Vor4 Internet"]
[Site "Playchess.com INT"]
[Date "2020.04.25"]
[Round "5"]
[White "Soelkner, Julian"]
[Black "Hofstadler, Mario"]
[Result "0-1"]
[WhiteElo "1484"]
[BlackElo "1867"]
[PlyCount "60"]
[EventDate "2020.04.25"]
[EventType "swiss (blitz)"]
[EventRounds "9"]
[EventCountry "AUT"]
[SourceTitle "EXT 2021"]
[Source "ChessBase"]
[SourceDate "2020.10.23"]
[SourceVersion "1"]
[SourceVersionDate "2020.10.23"]
[SourceQuality "1"]

1. Nf3 Nf6 2. g3 d5 3. Bg2 c6 4. d4 Bf5 5. 0-0 e6 6. Bf4 Nbd7 7. Nh4 Bg6 8. Nxg6 hxg6 9. c4 Be7 10. Nc3 0-0 11. cxd5 exd5 12. e3 Re8 13. Rc1 Nh7 14. Re1 g5 15. Be5 f6 16. Nxd5 fxe5 17. Nxe7+ Qxe7 18. Qb3+ Kh8 19. Qxb7 Ndf6 20. Qxc6 exd4 21. exd4 Qxe1+ 22. Rxe1 Rxe1+ 23. Bf1 Rae8 24. Kg2 Nf8 25. d5 g4 26. d6 N8d7 27. Bb5 Rd1 28. Qc7 Ree1 29. f4 Rd2+ 30. Be2 Rdxe2# 0-1

[Event "AUT-ch Vor3 Internet"]
[Site "Playchess.com INT"]
[Date "2020.04.17"]
[Round "2"]
[White "Lerch, Johannes"]
[Black "Soelkner, Julian"]
[Result "1-0"]
[WhiteElo "2005"]
[BlackElo "1484"]
[PlyCount "31"]
[EventDate "2020.04.17"]
[EventType "swiss (blitz)"]
[EventRounds "9"]
[EventCountry "AUT"]
[SourceTitle "CBM 195 Extra"]
[Source "ChessBase"]
[SourceDate "2020.05.31"]
[SourceVersion "1"]
[SourceVersionDate "2020.05.31"]
[SourceQuality "1"]

1. e4 c6 2. Nc3 d5 3. Nf3 d4 4. Ne2 c5 5. c3 d3 6. Nf4 c4 7. Qa4+ Nc6 8. Qxc4 e6 9. Qxd3 Qc7 10. Ne2 b6 11. Qc2 Ba6 12. d3 Nf6 13. Bf4 Qd7 14. d4 Be7 15. Ng3 0-0 16. Bxa6 1-0

[Event "AUT-ch Vor3 Internet"]
[Site "Playchess.com INT"]
[Date "2020.04.17"]
[Round "6"]
[White "Soelkner, Julian"]
[Black "Leitgeber, Christian"]
[Result "1-0"]
[WhiteElo "1484"]
[BlackElo "1904"]
[PlyCount "127"]
[EventDate "2020.04.17"]
[EventType "swiss (blitz)"]
[EventRounds "9"]
[EventCountry "AUT"]
[SourceTitle "CBM 195 Extra"]
[Source "ChessBase"]
[SourceDate "2020.05.31"]
[SourceVersion "1"]
[SourceVersionDate "2020.05.31"]
[SourceQuality "1"]

1. e4 c5 2. Nf3 d6 3. Bb5+ Bd7 4. Bxd7+ Nxd7 5. d3 Qc7 6. 0-0 g6 7. c3 Bg7 8. Bf4 Ngf6 9. h3 Qb6 10. Qc2 0-0 11. Nbd2 Rac8 12. Nc4 Qd8 13. a4 b6 14. Qd2 Ne8 15. Bh6 e6 16. Bxg7 Kxg7 17. Rfe1 f6 18. Qf4 Nb8 19. Ncd2 e5 20. Qg4 f5 21. exf5 Rxf5 22. Ne4 d5 23. Ng3 Rf4 24. Qe6 Rf6 25. Qxe5 Nc6 26. Qg5 Rf7 27. Nh5+ Kg8 28. Rxe8+ Qxe8 29. Nf6+ Rxf6 30. Qxf6 Qf7 31. Qxf7+ Kxf7 32. Re1 a6 33. g4 b5 34. axb5 axb5 35. Ne5+ Nxe5 36. Rxe5 Rd8 37. f4 Kf6 38. Kf2 Rd7 39. Kf3 g5 40. Rf5+ Kg6 41. Rxg5+ Kf6 42. Rf5+ Kg6 43. Re5 h6 44. h4 Kg7 45. f5 Kf6 46. Kf4 d4 47. Re6+ Kf7 48. Rxh6 dxc3 49. bxc3 Rxd3 50. Rh7+ Kg8 51. Rh6 Rxc3 52. Rb6 b4 53. Kg5 b3 54. Kg6 Kf8 55. f6 Ke8 56. f7+ Ke7 57. Rb7+ Kf8 58. Rb8+ Ke7 59. f8Q+ Kd7 60. Qe8+ Kd6 61. Qd8+ Ke5 62. Qe7+ Kf4 63. Rf8+ Kg3 64. Qe5+ 1-0

[Event "AUT-ch Vor1 Internet"]
[Site "Playchess.com INT"]
[Date "2020.04.11"]
[Round "5"]
[White "Neuschmied, Siegfried"]
[Black "Soelkner, Julian"]
[Result "1-0"]
[WhiteElo "2268"]
[BlackElo "1484"]
[PlyCount "75"]
[EventDate "2020.04.11"]
[EventType "swiss (blitz)"]
[EventRounds "9"]
[EventCountry "AUT"]
[SourceTitle "CBM 195 Extra"]
[Source "ChessBase"]
[SourceDate "2020.05.31"]
[SourceVersion "1"]
[SourceVersionDate "2020.05.31"]
[SourceQuality "1"]

1. e4 d6 2. d4 Nf6 3. Nc3 Nbd7 4. Nge2 e5 5. h3 Be7 6. g4 c6 7. Bg2 Nf8 8. Be3 Ng6 9. Ng3 Qc7 10. Nf5 Be6 11. Nxg7+ Kf8 12. Bh6 Kg8 13. Nxe6 fxe6 14. h4 Kf7 15. dxe5 Nxe5 16. g5 Nfg4 17. Bf3 Nxh6 18. gxh6 Bf6 19. Bh5+ Ke7 20. Qe2 Rhg8 21. 0-0-0 a5 22. Rh3 a4 23. f4 Nf7 24. Bxf7 Kxf7 25. e5 dxe5 26. fxe5 Bxe5 27. Rf3+ Ke7 28. Re3 Bf4 29. Kb1 Bxe3 30. Qxe3 a3 31. Qc5+ Kf7 32. Rf1+ Ke8 33. Ne4 Qe7 34. Nf6+ Kd8 35. Rd1+ Qd7 36. Rxd7+ Kc8 37. bxa3 Rg6 38. Qf8# 1-0